Ο συμμετοχικός προϋπολογισμός στην Ευρώπη
Αποθηκεύτηκε σε:
| Κύριοι συγγραφείς: | , |
|---|---|
| Άλλοι συγγραφείς: | |
| Μορφή: | Βιβλίο |
| Γλώσσα: | Greek English |
| Δημοσίευση: |
Αθήνα :
Ινστιτούτο Νίκος Πουλαντζάς,
[2005;].
|
| Σειρά: | Ορίζοντες
1. |
| Θέματα: | |
| Ετικέτες: |
Προσθήκη ετικέτας
Δεν υπάρχουν, Καταχωρήστε ετικέτα πρώτοι!
|
MARC
| LEADER | 00000cam a2200000 a 4500 | ||
|---|---|---|---|
| 001 | 1/114940 | ||
| 008 | 170919q2005####gr | ||| |||| ||gre|| | ||
| 020 | |a 9789608392489 |z (χαρτόδετο) | ||
| 040 | |a GR-MyUa |b gre |c GR-MyUa |e AACR2 | ||
| 041 | 1 | |a gre |h eng | |
| 082 | 7 | |a 320.8 |2 (23) | |
| 100 | 1 | |a Allegretti, Giovanni, |e aut | |
| 245 | 1 | 0 | |a Ο συμμετοχικός προϋπολογισμός στην Ευρώπη / |c Τζοβάνι Αλεγκρέτι και Κάρστεν Χέρζμπεργκ ; μετάφραση Πόπη Αλεξοπούλου. |
| 260 | |a Αθήνα : |b Ινστιτούτο Νίκος Πουλαντζάς, |c [2005;]. | ||
| 300 | |a 47 σ. : |c 24 εκ. | ||
| 500 | |a Τίτλος πρωτοτύπου: Participatory budgets in Europe. | ||
| 650 | 0 | |a Political participation |z Europe. | |
| 650 | 0 | |a Local government |z European Union countries. | |
| 700 | 1 | |a Αλεξοπούλου, Πόπη, |e trlf | |
| 700 | 1 | |a Herzberg, Carsten, |e aut | |
| 830 | 0 | |a Ορίζοντες |v 1. | |
| 852 | |a INST |b CHIOS |e 20170919 |h 320.8 ALE |p 005200038336 |q 005200038336 |t BK |y 0 | ||
| 970 | |a Σπέντζα |b Ελένη |z 19-09-2017 | ||